000 00485nam a2200181Ia 4500
005 20250423101623.0
008 250422s9999 xx 000 0 und d
020 _a978-975-278-457-4
050 _aBP 253 .Z8 B33513/
100 _aBalcı, Ramazan, 1963-
245 0 _aUne breve biograqphie Bediuzzaman Said Nursi : "prodige du siecle"
260 _aClifton, N.J.
260 _bPublie par Editions du Nil
260 _c2012
300 _a252 p
650 _aIslam
942 _cBK
999 _c36776
_d36776